Harry Potter commençant par L - Statistiques

Statistiques générales
  • Ce quiz a été pris 1 738 fois
  • Le résultat moyen est 4 sur 10
Statistiques - réponses
Hint Réponse % Correct
Fenrir Greyback en est un Loup-garou
92%
Formule pour faire apparaître un filet de lumière Lumos
80%
Surnom de Rémus Lupin Lunard
72%
Formule magique qui soulève dans les airs par la cheville Levicorpus
46%
Petite créature bleue Lutin de Cornouailles
35%
Faculté de pénétrer l'esprit de quelqu'un Légilimancie
25%
On y trouve le manoir des Jedusor Little Hangleton
24%
Employés du département des mystères Langues de plomb
15%
5 fois lauréat du sourire le plus charmeur Lockart Gilderoy
4%
Joueur de Quidditch bulgare Levski
3%
Aucun quiz correspondant
Distribution des résultats
% des personnes avec chaque résultat
Percentile par nombre de réponses
Votre historique - résultats
Vous n’avez pas pris ce quiz